Gasellit - "Sitten kun" - sanat - Statistics

Yleistilastot
  • Tätä visaa on pelattu 7 kertaa
  • Keskiarvotulos 257 / 470
Vastaustilastot
Vastaus % Oikein
ei
100%
ku
100%
kun
100%
siit
100%
sit
100%
sitten
100%
83%
oo
83%
enää
67%
ja
67%
vaa
67%
vaan
67%
houkuta
50%
kai
50%
koukusta
50%
koulusta
50%
mikä
50%
mikään
50%
mitä
50%
mul
50%
must
50%
olla
50%
ollaa
50%
on
50%
pääsen
50%
päivist
50%
ylpeitä
50%
ain
33%
aina
33%
äiti
33%
elä
33%
et
33%
jos
33%
jota
33%
jotain
33%
kaipa
33%
kaipaa
33%
levy
33%
mietin
33%
mut
33%
nähä
33%
ne
33%
niin
33%
nyt
33%
ois
33%
oli
33%
oliks
33%
pakko
33%
parempi
33%
se
33%
sitä
33%
tehä
33%
voi
33%
antaa
17%
antaisit
17%
arkeni
17%
dedis
17%
eddessäkin
17%
edelle
17%
ehtisinkö
17%
elää
17%
elämää
17%
elo
17%
henkist
17%
hyvin
17%
itselle
17%
jahdannu
17%
jälkee
17%
jossitella
17%
juossu
17%
kaiken
17%
kakkupalaa
17%
kalenteris
17%
karanteenis
17%
katellaan
17%
kohti
17%
koulujutut
17%
kukaan
17%
kysy
17%
lainkaa
17%
läpi
17%
leikkaa
17%
maalii
17%
madellaan
17%
majesteettisesti
17%
mansikka
17%
menis
17%
mindfullnes
17%
minkä
17%
mun
17%
näkemättä
17%
näytteen
17%
nopeempi
17%
omaa
17%
pään
17%
paheet
17%
paketti
17%
parempaa
17%
pelkkää
17%
poltan
17%
potentiaalii
17%
raivoo
17%
riitä
17%
roihuaa
17%
sanoisit
17%
sen
17%
sillat
17%
sitku
17%
soitti
17%
sua
17%
sulla
17%
synneistä
17%
takaa
17%
tasapainoo
17%
täydellinen
17%
täyteen
17%
tulevaa
17%
tunne
17%
tympeistä
17%
ulosmitates
17%
vahvempi
17%
vaik
17%
valehtelis
17%
valmiit
17%
vedän
17%
vilttii
17%
voikukkaa
17%
vuosien
17%
anesteetis
0%
boss
0%
bossitella
0%
ettii
0%
fiksumpi
0%
isompaa
0%
itkuelämään
0%
itsevarmempi
0%
jääny
0%
kauniimpi
0%
keikkaa
0%
kiinni
0%
koskaan
0%
masentelis
0%
muita
0%
niskast
0%
nitkus
0%
ottanu
0%
pääsee
0%
paljon
0%
pari
0%
pikkuhiljaa
0%
raha
0%
relaat
0%
relaxi
0%
roikkumaan
0%
rolexi
0%
saa
0%
skool
0%
status
0%
sut
0%
tavotetta
0%
tilaisuutta
0%
uutta
0%
vähitellen
0%
vankempi
0%
vielä
0%
vuotta
0%
Ehtoja vastaavia visoja ei löytynyt
Tulosjakauma
Jokaisen tuloksen saaneiden osuus
Persentiili vastausten määrän mukaan
Tuloshistoriasi
Et ole pelannut tätä visaa